| Record ID | marc_loc_2016/BooksAll.2016.part34.utf8:21582972:1801 |
| Source | Library of Congress |
| Download Link | /show-records/marc_loc_2016/BooksAll.2016.part34.utf8:21582972:1801?format=raw |
LEADER: 01801cam a22003737a 4500
001 2006457271
003 DLC
005 20110622081912.0
008 060802s2005 cc ab b 000 0 chi d
010 $a 2006457271
020 $a9787801906472
020 $a7801906470
035 $a(CStRLIN)DCLP06-B11442
040 $aNNC-EA$c-EA$dDLC-R$dDLC
042 $alccopycat
043 $aa-cc-ka
050 00 $aGB5011.7$b.W358 2005
066 $c$1
100 1 $6880-01$aWang, Hanzhong,$d1955-
245 10 $6880-02$aZai hai, she hui yu xian dai hua:$byi Su bei min guo shi qi wei zhong xin de kao cha = Disaster, society and modernization: a case study on northern Jiangsu in period of Republic China /$cWang Hanzhong zhu.
246 30 $6880-03$aYi Su bei min guo shi qi wei zhong xin de kao cha
246 31 $aDisaster, society and modernization : a case study on northern Jiangsu in period of Republic China
250 $6880-04$aDi 1 ban.
260 $6880-05$aBeijing Shi :$bShe hui ke xue wen xian chu ban she,$c2005.
300 $a7, 4, 397 p. :$bill., maps ;$c22 cm.
440 0 $6880-06$aJiangsu Sheng zhe xue she hui ke xue zhong dian xue shu zhu zuo
504 $aIncludes bibliographical references (p. 387-397).
650 0 $aNatural disasters$zChina$zJiangsu Sheng$xHistory$20th century.
880 1 $6100-01/$1$a汪汉中,$d1955-
880 10 $6245-02/$1$a灾害, 社会与现代化 :$b以苏北民国时期为中心的考察 = Disaster, society and modernization: a case study on northern Jiangsu in period of Republic China /$c汪汉中著.
880 30 $6246-03/$1$a以苏北民国时期为中心的考察
880 $6250-04/$1$a第1版.
880 $6260-05/$1$a北京市 :$b社会科学文献出版社,$c2005.
880 0 $6440-06/$1$a江苏省哲学社会科学重点学术著作